| 000 | 00913nac a22002411u 4500 | ||
|---|---|---|---|
| 010 | _a 94020358 | ||
| 020 | _a0070658110 (hard : alk. paper) | ||
| 082 | 0 | 0 |
_a658.5752 _bU45 |
| 090 |
_c4391 _d4391 |
||
| 100 | _aUlrich, Karl T. | ||
| 245 | 1 | 0 |
_aProduct design and development / _cKarl T. Ulrich, Steven D. Eppinger. |
| 260 |
_aNew York : _bMcGraw-Hill, _cc1995. |
||
| 300 |
_axxiii, 289 p. : _bill. ; _c25 cm. |
||
| 500 | _aInternational Edition. | ||
| 504 | _aIncludes bibliographical references and index. | ||
| 650 | 0 | _aIndustrial management. | |
| 650 | 0 | _aProduction management. | |
| 650 | 0 | _aIndustrial engineering. | |
| 650 | 0 |
_aNew products _xManagement. |
|
| 700 | 1 | _aEppinger, Steven D. | |
| 942 |
_cBB _k658.5752U45 |
||
| 999 |
_c4391 _d4391 |
||